00829nam a2200265 a 450000100060000000300090000600500170001500600150003200800410004701600300008801700500011802000150016803500210018304000280020404100130023208000150024508200160026010000410027624000370031724500740035426000260042830000330045449000490048765000270053625507CO-ViMGA20230915232101.0Mimo0001698108141112s2004 ck r 000 u spa d abimoBNE20010680251 SpMaBN aLE 694 - 2001 Oficina Depósito Legal León a8439209177 a(OCoLC)434358790 aCO-ViMGAbspacCO-ViMGA aspabeng a087.5 : 8204a813.48 B87p1 aBurnett, Frances Hodgson 1849 - 1924 aLittle Lord Fauntleroy Español10aEl pequeño lord : bversión íntegra / cFrances Hodgson Burnett aMadrid Gaviota [2001] a202 p., [6] h. de lam. 25 cm aBiblioteca universal de clásicos juveniles14aNovela juvenil inglesa